Sports Quiz

Random Sports Quiz

MLB 5+ Grand Slam Seasons Quiz Stats

Quiz not verified by Sporcle

Also try: Big 4 Sports Trios
Challenge
Share
Tweet
Embed
Score 0/6 Timer 02:00
0 Plays Today
Year/Team Player % Correct
2009/CardinalsAlbert Pujols
98.6%
1987/YankeesDon Mattingly
82.1%
1955/CubsErnie Banks
80%
2006/IndiansTravis Hafner
77.9%
2006/MarinersRichie Sexson
41.4%
1961/OriolesJim Gentile
22.9%

You're not logged in!

Compare scores with friends on all Sporcle quizzes.
Sign Up with Email
OR
Log In

You Might Also Like...

Show Comments

Extras

Top Quizzes Today


Score Distribution

Your Account Isn't Verified!

In order to create a playlist on Sporcle, you need to verify the email address you used during registration. Go to your Sporcle Settings to finish the process.

Report this User

Report this user for behavior that violates our Community Guidelines.

Details: